| 000 | | | 04188nmc2a2200000 x 450 |
| 001 | | | 9147764e-eede-4ef1-9f13-8a88ccc3dd64 |
| 005 | | | 20170125203148.0 |
| 100 | ## | $a | 20140516l18841885k l0rusy0189 ca |
| 101 | 0# | $a | rus |
| 102 | ## | $a | RU |
| 200 | 1# | $a | Дело о выкупе земельных наделов временнообязанными крестьянами А.И. Маноли и О.А. Полтавцевой селения Белоуц Хотинского уезда Бессарабской губернии |
| | $j | 15 июня 1884 г. - 10 января 1885 г. |
| 251 | ## | $c | Дело |
| 300 | ## | $a | Дело |
| 300 | ## | $a | Ориг. заголовок дела: Дело Маноли А.И. и О.А. Полтавцевой Бессарабской губернии Хотинского уезда селения Белоуц. 15 июня 1884 г. - 10 января 1885 г |
| 801 | #0 | $a | RU |
| | $b | РГИА |
| | $c | 20140516 |
| | $g | RCR |
| 801 | #1 | $a | RU |
| | $b | ГлавНИВЦ |
| | $c | 20140516 |
| | $2 | rusmarc |
| 801 | #2 | $a | RU |
| | $b | ПБ им. Б.Н. Ельцина |
| | $c | 20170125 |
| | $g | RCR |
| | $2 | rusmarc |
| 850 | ## | $a | РГИА |
| 852 | ## | $a | РГИА |
| | $e | Федеральное казенное учреждение "Российский государственный исторический архив" (РГИА) |
| | $j | 793 |
| 937 | ## | $h | РГИА |
| | $d | 6553653 |
| | $a | ASBIBLIO_SCAN |
| 462 | #0 | $1 | 001808503d5-68d3-4ac2-91f4-d4d8e7ec01e0 |
| | $1 | 2001 |
| | $a | Дела Главного выкупного учреждения Министерства финансов по Бессарабской губернии |
| | $1 | 251 |
| | $c | Опись |
| | $1 | 852 |
| | $j | 2 |
| 461 | #0 | $1 | 0018ef30ad5-ff5c-4840-a721-74c62a200f95 |
| | $1 | 2001 |
| | $a | Главное выкупное учреждение Министерства финансов |
| | $1 | 251 |
| | $c | Фонд |
| | $1 | 852 |
| | $j | 577 |
| 215 | ## | $a | 100 л. |
| | $d | 36,5x26 см |
| 371 | ## | $a | Документ не является опубликованным и широко распространяемым |
| 105 | ## | $a | у### |
| 122 | 2# | $a | d |
| 517 | 1# | $a | Дело Маноли А.И. и О.А. Полтавцевой Бессарабской губернии Хотинского уезда селения Белоуц. 15 июня 1884 г. - 10 января 1885 г |
| 035 | ## | $a | 9147764e-eede-4ef1-9f13-8a88ccc3dd64 |
| 856 | ## | $u | http://readingroom.main.prlib.ru/item.aspx?id_node=n95006789&mode=full |